000 00320nam a2200133 i 4500
001 bg
100 1 _aSOSNOWSKI, A.
245 0 _aŚrodowisko społeczno-zawodowe marynarzy /
_cA. Sosnowski.
260 _aWarszawa,
_c1984.
040 _cBPK
041 _apol
942 _cKS
008 s pl f |000 0 pol
999 _c22553
_d22553
856 _uhttp://koha.tu.koszalin.pl/cgi-bin/koha/opac-detail.pl?biblionumber=22553
_yKatalog online BPK